[Event "XVII MetLife Najdorf Open 2017"]
[Site "Warsaw"]
[Date "2017.07.10"]
[Round "2.8"]
[White "Mista, Aleksander"]
[Black "Barski, Radoslaw"]
[Result "1/2-1/2"]
[WhiteElo "2599"]
[BlackElo "2402"]
[Annotator "TA"]
[PlyCount "90"]
[EventDate "2017.??.??"]
[EventType "swiss"]
[EventCountry "POL"]
[SourceTitle "playchess.com"]
[Source "ChessBase"]
[SourceQuality "1"]

{[%evp 31,90,4,26,11,27,27,40,28,23,18,58,61,67,38,247,258,250,249,259,227,251,226,228,217,230,194,194,211,201,81,201,177,415,41,38,45,366,374,286,0,0,0,0,0,0,0,0,0,0,0,0,0,0,0,0,0,0,0,0,0,0]} 1. e4 e5 2. Nf3 Nc6 3. Bb5 a6 4. Ba4 Nf6 5. O-O Be7 6. Re1 b5 7. Bb3 d6 8. c3 O-O 9. h3 Re8 10. d4 Bb7 11. Nbd2 Bf8 12. a3 g6 13. Ba2 Bg7 14. b4 a5 {C92: Closed Ruy Lopez: 9...Be6, Karpov and Flohr-Zaitsev Variations} (14... exd4 15. cxd4 a5 16. Qb3 Qd7 17. Bb2 axb4 18. axb4 Ra4 19. Bc3 Nh5 20. Bb1 Rxa1 21. Bxa1 Nf4 22. Bc3 {1-0 (77) Inarkiev,E (2723)-Oparin,G (2625) Moscow 2017}) 15. d5 Ne7 16. Nb3 axb4 {LiveBook: 8 Games} 17. axb4 Nxe4 $146 ({Predecessor:} 17... c6 18. Na5 Rxa5 19. bxa5 cxd5 20. exd5 Qxa5 21. Bb2 Qb6 22. Ba3 Nexd5 {½-½ (50) Tishin,P (2418)-Pogosian,G (2201) Chern 2012}) 18. Rxe4 Bxd5 19. Re1 e4 20. Bg5 {aiming for Bxe7.} f6 21. Bf4 g5 22. Bg3 c5 $2 (22... exf3 $14 23. Rxe7 Qxe7 24. Qxd5+ Kh8) 23. Na5 $1 $18 (23. bxc5 dxc5 24. Nxc5 Rxa2 $11) 23... Bxa2 24. Rxa2 exf3 25. Nb7 $1 {[%cal Rb7d8]} Qd7 {[#]} 26. Nxc5 $1 {[%mdl 512]} Qc6 (26... dxc5 27. Qxd7) 27. Rxa8 Rxa8 28. Rxe7 dxc5 29. Rc7 Qe6 30. bxc5 (30. Qxf3 $18 {is the precise move to win.} Ra1+ 31. Kh2) 30... f5 {[#]} (30... fxg2 $16 {was called for.} 31. Qf3 (31. Kxg2 f5 $11) 31... Re8) 31. Re7 $1 {[%cal Re7e6][%mdl 512]} Qc4 $2 (31... Qa2 {is a better defense.}) (31... Qxe7 32. Qd5+) 32. Be5 $2 (32. Qxf3 $18 Rf8 33. Bd6) 32... Bf8 $14 33. Rd7 Bxc5 $2 {[%mdl 8192]} (33... Qxc5 $14 34. Bd4 Qc6 35. Qb3+ Qc4 36. Qxc4+ bxc4) 34. Rg7+ $1 $18 (34. Qxf3 Qe4 $16) (34. gxf3 Qe6 $16) 34... Kf8 {[#] White must now prevent ...Qe4.} 35. Rxh7 $2 ({White has to play} 35. Rc7 $1 $18 {[%cal Rc7c5]} fxg2 {[#]} 36. Rxc5 $1 {[%mdl 512]} Qf1+ 37. Qxf1 gxf1=N 38. Kxf1) 35... Bxf2+ {The position is equal.} 36. Kh2 Qe6 37. Bd6+ (37. Rh8+ Kf7 $17) 37... Kg8 38. Re7 $40 {[%mdl 128] [#] White is up to no good.} Ra1 $1 {[%cal Ra1d1][%mdl 512]} 39. Qd3 $1 (39. Qxa1 Qxd6+) 39... Qc4 40. Re8+ Kf7 $1 ({Stronger than} 40... Kg7 41. Be5+ Kg6 42. Qd6+ Qe6 43. Qxe6+ Kh7 44. Rh8#) 41. Rf8+ Kg7 $1 42. Be5+ $1 ({Much weaker is} 42. Qxc4 bxc4 43. gxf3 (43. Rxf5 $2 Bg1+ 44. Kg3 f2 $19) 43... Kg6 $15) 42... Kxf8 43. Qd8+ $1 Kf7 44. Qd7+ Kf8 {( -> ...Rh1+!)} ({And not} 44... Kg6 45. Qg7+ Kh5 46. Qh7#) 45. Qd8+ Kf7 {Precision: White = 64%, Black = 33%.} 1/2-1/2

[Event "XVII MetLife Najdorf Open 2017"]
[Site "Warsaw"]
[Date "2017.07.10"]
[Round "2.9"]
[White "Saeed, Ishaq"]
[Black "Tomczak, Jacek"]
[Result "0-1"]
[WhiteElo "2428"]
[BlackElo "2596"]
[Annotator "TA"]
[PlyCount "178"]
[EventDate "2017.??.??"]
[EventType "swiss"]
[EventCountry "POL"]
[SourceTitle "playchess.com"]
[Source "ChessBase"]
[SourceQuality "1"]

{[%evp 20,178,3,-11,27,7,14,-2,14,5,25,0,0,0,0,0,7,-29,-25,-46,-45,-75,-26,-52,-34,-40,-17,-25,-13,-102,-93,-120,0,0,-12,-24,-4,-17,0,-12,0,0,0,-35,-24,-78,-10,-46,-8,-47,-9,-222,-195,-258,-264,-292,-194,-204,-208,-214,-100,-101,-53,-315,-315,-268,-320,-288,-320,-350,-358,-365,-356,-365,-362,-366,-365,-349,-349,-343,-299,-285,-199,-191,-125,-125,-125,-125,-125,-125,-125,-125,-125,-125,-125,-125,-125,-125,-125,-125,-118,-118,-118,-110,-110,-110,-110,-110,-110,-110,-110,-507,-500,-1984,-1984,-1880,-1724,-1984,-1893,-1603,-838,-5287,-5279,-4137,-4034,-4809,-3924,-29963,-29961,-4137,-4125,-29968,-12658,-29970,-29970,-29970,-29970,-29969,-29970,-29981,-29982,-29982,-29983,-29983,-29983,-29983,-29983,-29983,-29984,-29987,-29986,-29986,-29984,-29984,-29983,-29983,-29984,-29984,-29985,-29986,-29987]} 1. d4 Nf6 2. c4 g6 3. Nf3 Bg7 4. g3 d5 5. Bg2 dxc4 6. Na3 c3 7. bxc3 O-O 8. O-O c5 9. Re1 Nc6 10. e4 Bg4 {D77: Fianchetto Grünfeld: 6 0-0: Replies other than 6...c6} 11. Bb2 {LiveBook: 4 Games} (11. d5 $5 {[%cal Rd5c6]} Ne5 12. Rb1 $11) 11... Ne8 {[%cal Bf6e8,Be8c7,Bc7d5][%mdl 32]} (11... e5 12. d5 Na5 13. c4 Ne8 14. Qa4 Bd7 15. Qc2 f6 16. Nb1 Nd6 17. Nbd2 b6 18. Bf1 {½-½ (65) Dreev,A (2662)-Esen,B (2508) Gjakova 2016}) 12. e5 Nc7 $146 {The position is equal.} ({Predecessor:} 12... cxd4 13. cxd4 Nc7 14. Nc4 Be6 15. Ne3 Bh6 16. h4 Nd5 17. Ng5 Nxe3 18. fxe3 {½-½ (38) Simeonov,L (2046)-Campoy Moreno,A (2368) ICCF email 2009}) 13. h3 Bf5 14. Qe2 Qc8 15. Kh2 cxd4 16. cxd4 Nb4 17. Red1 Ncd5 18. Nh4 Be6 19. Rdc1 Qd7 20. Nc4 Rac8 21. a3 Nc6 (21... Na2 $5 22. Rxa2 b5 $17) 22. Rd1 f5 23. Rac1 Bh6 (23... b5 $5 {[%cal Rb5c4]} 24. Ne3 Na5 $11) 24. Rc2 (24. Bxd5 $1 $11 {keeps the balance.} Bxd5 25. f4) 24... b5 25. Ne3 Na5 (25... Nxe3 $17 26. fxe3 Bb3 27. Bxc6 Rxc6 28. Rxc6 Qxc6) 26. Nxd5 $1 $11 Bxd5 27. Rc5 Bxg2 28. Nxg2 Rxc5 29. dxc5 Qc6 30. e6 Nc4 31. Ba1 Qxc5 32. a4 (32. Rd7 $11) 32... a6 ({Better is} 32... bxa4 $17 {Strongly threatening ...a3.} 33. Qc2 Qb4) 33. Rd7 Re8 34. Ne1 Qc6 35. f3 $2 (35. Nc2 $11 {and White stays safe.}) 35... Be3 $1 $19 36. Ng2 (36. Qd3 $142 Qxe6 37. axb5 axb5 38. Qc3) 36... Qxe6 37. Qd3 Bg5 ({Worse is} 37... bxa4 38. Qc3 $1 $14 {[%mdl 512]}) 38. axb5 axb5 39. h4 Bf6 (39... Bh6 $1 $19 {has better winning chances.} 40. Bc3 Kf7) 40. Nf4 $17 Qc6 41. Nd5 $2 {[%mdl 8192]} (41. Bxf6 $15 exf6 42. Qd5+ Qxd5 43. Nxd5) 41... Bxa1 $19 42. Nxe7+ {[#]} Rxe7 $1 43. Rxe7 {Qd8+ would kill now.} Qd6 44. Qxd6 Nxd6 45. Rd7 Nc4 $1 46. Rb7 Na3 47. g4 Be5+ 48. Kg2 h5 49. gxh5 gxh5 50. Kf2 Bd6 51. Ke3 Nc2+ (51... Kf8 $1 $19 52. Rh7 Nc2+ 53. Kd2 Nd4) 52. Kd3 $17 Ne1+ 53. Ke2 {[#]} Ng2 $1 {[%cal Rg2h4]} 54. Rb6 Nf4+ 55. Kf1 {[#]} Bc5 $1 {[%cal Rc5b6]} 56. Rxb5 Ne6 57. Rb7 Kf8 58. Kg2 Be7 59. Rb5 Ng7 60. Kg3 Kf7 61. Rb6 Ne6 62. Ra6 Bb4 {White must now prevent ...Be1+.} 63. Ra4 Be1+ 64. Kh3 Kf6 {aiming for ...Ke5.} 65. Rc4 $2 {[%mdl 8192]} (65. Kg2 $17 {nothing else works.}) 65... Ke5 $19 66. Ra4 (66. Kh2 $142 Nd4 67. Kg2) 66... Nf4+ 67. Kh2 Bxh4 68. Ra5+ Kf6 69. Ra8 Bf2 70. Rf8+ Kg6 71. Rg8+ Kf7 72. Ra8 h4 73. Ra4 Bg3+ 74. Kh1 Kf6 75. Ra5 Kg5 (75... Nd3 $142 76. Kg2 Nf4+ 77. Kh1 h3 78. Ra3 Kg5 79. Rb3 Ng6 80. Rb4 Ne5 81. Rd4 Bf4 82. Rd8 Kh4 83. Rd5 Kg3 84. Rd1 Kxf3 85. Rf1+ Kg4 86. Rd1 Bg3 87. Rd5 Kg5 88. Kg1 Ng4 89. Rd7 Nf2 90. Rh7 f4 91. Kf1 h2 92. Rxh2 Bxh2 93. Kg2 Ng4 94. Kf3 Bg3 95. Ke4 Nh2 96. Kd4 f3 97. Kc4 f2 98. Kd4 f1=Q 99. Kc5 Qa6 100. Kd4 Qc6 101. Ke3 Be1 102. Kd3 Kf4 103. Ke2 Qc3 104. Kd1 Qd2#) 76. Ra8 Nd3 {Black mates.} 77. Kg2 Ne1+ 78. Kh3 Nxf3 79. Rg8+ Kf4 80. Ra8 Ng5+ 81. Kg2 h3+ 82. Kf1 Ne4 83. Ra4 Bf2 84. Rb4 Bc5 85. Rb2 Ng3+ 86. Ke1 Bg1 87. Rb4+ Kg5 88. Rb3 Kg4 89. Rb4+ f4 {Precision: White = 34%, Black = 66%.} 0-1

[Event "XVII MetLife Najdorf Open 2017"]
[Site "Warsaw"]
[Date "2017.07.10"]
[Round "2.10"]
[White "Das, Sayantan"]
[Black "Aleksandrov, Aleksej"]
[Result "1-0"]
[WhiteElo "2399"]
[BlackElo "2581"]
[Annotator "TA"]
[PlyCount "67"]
[EventDate "2017.??.??"]
[EventType "swiss"]
[EventCountry "POL"]
[SourceTitle "playchess.com"]
[Source "ChessBase"]
[SourceQuality "1"]

{[%evp 30,67,26,0,41,1,41,39,47,33,44,43,164,146,127,129,85,82,96,90,239,225,489,475,479,476,747,735,1645,1615,1587,1585,1445,1085,989,667,1158,1120,1131,1127]} 1. e4 e5 2. Nf3 Nc6 3. Bb5 a6 4. Ba4 Nf6 5. O-O Be7 6. Re1 b5 7. Bb3 d6 8. c3 O-O 9. h3 Bb7 10. d4 Nd7 11. Nbd2 exd4 {C92: Closed Ruy Lopez: 9...Be6, Karpov and Flohr-Zaitsev Variations} 12. cxd4 Re8 13. Nf1 Na5 {[%cal Bc6a5,Ba5c4,Bc4a3][%mdl 32]} 14. Bc2 {[%cal Bb3c2,Bc2d3,Bd3e4][%mdl 32]} Bf6 15. Ng3 g6 16. Bh6 {LiveBook: 25 Games} Rc8 {[#]} 17. Rc1 $146 ({Predecessor:} 17. b3 c5 18. Rc1 cxd4 19. Nxd4 {½-½ (30) Quesada Perez,Y (2637)-Narayanan,S (2459) Kolkata 2015}) 17... Nc4 18. b3 Na3 19. Bd3 c5 20. Qd2 a5 ({Better is} 20... Qb6 $14) 21. e5 $1 $36 {[%cal Re5f6][%mdl 2048] Black is under strong pressure.} dxe5 {[#]} 22. Be4 $1 {[%cal Re4b7]} Ba6 {[%cal Rc5d4]} 23. dxc5 Nxc5 24. Bd5 {Black must now prevent Ng5.} b4 (24... Bb7 $16 25. Rxc5 Rxc5 26. Bxb7 Rc2 27. Qxd8 Rxd8) 25. Ng5 Ne6 $2 {[#]} (25... Rf8 {was worth a try.} 26. Red1 Bd3) 26. N3e4 $1 {White is clearly winning.} Nxg5 27. Bxg5 ({Less strong is} 27. Nxg5 Bxg5 28. Bxg5 Qd7 $18) 27... Be7 (27... Bxg5 $142 28. Nxg5 Re7 29. Nxf7 Rxf7) 28. Bxe7 Rxe7 29. Rxc8 Qxc8 30. Qh6 {Nf6+ would kill now.} Qf5 31. Re3 Bb7 32. Rf3 Qxe4 33. Bxe4 Bxe4 34. Qh4 {Precision: White = 78%, Black = 20%.} 1-0

[Event "XVII MetLife Najdorf Open 2017"]
[Site "Warsaw"]
[Date "2017.07.10"]
[Round "2.11"]
[White "Heberla, Bartlomiej"]
[Black "Skawinski, Arkadiusz"]
[Result "1/2-1/2"]
[WhiteElo "2577"]
[BlackElo "2386"]
[Annotator "TA"]
[PlyCount "108"]
[EventDate "2017.??.??"]
[EventType "swiss"]
[EventCountry "POL"]
[SourceTitle "playchess.com"]
[Source "ChessBase"]
[SourceQuality "1"]

{[%evp 12,108,37,15,36,41,37,8,54,33,32,32,41,37,61,43,57,35,67,43,53,6,12,0,18,20,19,27,22,13,27,14,26,16,13,24,22,3,0,0,0,0,4,8,10,4,50,21,37,37,35,39,31,28,29,35,32,31,48,48,27,33,32,39,34,34,47,42,116,116,115,59,129,145,173,142,216,208,202,207,206,201,237,143,152,78,120,56,108,0,0,0,0,0,0,0,233,8,8]} 1. c4 e6 2. d4 d5 3. Nf3 c6 4. Bg5 Nf6 5. e3 h6 (5... Nbd7 6. Nbd2 h6 7. Bh4 g5 8. Bg3 Nh5 9. Bd3 Nxg3 10. hxg3 Bg7 11. Qc2 Qe7 12. Rc1 O-O 13. O-O e5 14. cxd5 cxd5 15. dxe5 Nxe5 16. Nxe5 Qxe5 {1-0 (58) Vitiugov,N (2719)-Khismatullin,D (2642) Chita 2015}) 6. Bf4 {D30: Queen's Gambit Declined: Systems without Nc3} Nbd7 7. Nc3 {LiveBook: 4 Games} Qa5 8. Nd2 {White is slightly better.} Bb4 9. Qb3 $146 ({Predecessor:} 9. Rc1 O-O 10. a3 Bxc3 11. Rxc3 Re8 12. b4 Qd8 13. Nf3 dxc4 14. Rxc4 a5 15. Be2 {½-½ (15) Komarov,D (2498)-Mammadov,Z (2438) Teheran 2016}) 9... Nh5 (9... e5 $5 10. Bxe5 Nxe5 11. dxe5 Ne4 $14) 10. Bc7 (10. Be5 $5) 10... Qxc7 11. Qxb4 Nhf6 12. Be2 Nb6 13. O-O dxc4 14. Bxc4 Qe7 15. Qxe7+ Kxe7 16. Rac1 Rd8 17. Be2 e5 (17... c5 $5) 18. Nb3 exd4 19. Nxd4 Be6 20. Rfd1 c5 21. Nxe6 fxe6 22. Bf3 Rab8 $1 23. Rxd8 Kxd8 24. Rd1+ Ke7 25. h4 Nc4 26. b3 Ne5 27. Be2 a6 28. f4 Nc6 29. Bf3 Na7 30. Kf2 Nb5 31. Na4 b6 32. g4 Nd6 33. g5 hxg5 34. hxg5 Nfe4+ 35. Bxe4 Nxe4+ $14 {[%mdl 4096] Endgame KRN-KRN} 36. Kf3 Nd6 37. e4 {[%cal Be3e4,Be4e5][%mdl 32]} c4 38. e5 Nf5 39. bxc4 Rb7 (39... b5 $14 40. cxb5 axb5) 40. Rb1 b5 41. Kg4 (41. cxb5 $16 axb5 42. Nc3) 41... Kf7 (41... Ne3+ $14 42. Kh5 Ng2) 42. Nc5 $16 Rc7 {[#]} 43. g6+ $1 (43. cxb5 Rxc5 44. b6 (44. bxa6 Ra5 $15) 44... Rc3 $17) ({Don't play} 43. Nxa6 $6 Rxc4 44. Rxb5 Ne3+ 45. Kf3 Nd5 $16) 43... Ke7 (43... Kxg6 $16 {keeps fighting.} 44. Nxe6 Rxc4) 44. Nxa6 $18 Rxc4 45. Rxb5 Rc3 46. Rb3 Rc2 47. Rb7+ Kd8 48. Kh3 (48. Rb6 $142) 48... Ne7 49. a4 (49. Rb8+ $16 Kd7 50. Rb7+ Kd8 51. Rb8+ Kd7 52. Rb7+ Kd8) 49... Nxg6 (49... Rc3+ $1 $14 50. Kg2 Nxg6) 50. a5 ({White should try} 50. Rb4 $16) 50... Nxf4+ $11 51. Kg3 Nd3 52. Rb5 Rc6 53. Nb8 Rc5 $2 {[#]} (53... Rc3 $11 {and Black stays safe.}) 54. Rxc5 $2 (54. a6 $1 $18 {Strongly threatening Rxc5.} Rc3 55. a7 Nxe5+ 56. Kf4) 54... Nxc5 {Precision: White = 47%, Black = 48%.} 1/2-1/2

[Event "XVII MetLife Najdorf Open 2017"]
[Site "Warsaw"]
[Date "2017.07.10"]
[Round "2.12"]
[White "Deszczynski, Adam"]
[Black "Indjic, Aleksandar"]
[Result "0-1"]
[WhiteElo "2380"]
[BlackElo "2575"]
[Annotator "TA"]
[PlyCount "80"]
[EventDate "2017.??.??"]
[EventType "swiss"]
[EventCountry "POL"]
[SourceTitle "playchess.com"]
[Source "ChessBase"]
[SourceQuality "1"]

{[%evp 18,80,20,0,36,46,60,45,52,43,40,29,52,48,49,0,60,60,55,47,62,58,66,50,84,65,70,36,43,18,43,-7,0,-10,-7,0,0,0,0,0,66,-9,0,-18,-20,-27,-9,-25,-10,-20,-19,-51,-49,-137,-133,-129,-112,-138,-99,-161,-146,-160,-162,-633,-605]} 1. e4 c5 2. Nf3 d6 3. Bb5+ Nd7 4. d4 Ngf6 5. O-O cxd4 6. Qxd4 a6 7. Bxd7+ Bxd7 8. Bg5 e6 {B51: Sicilian: Moscow Variation (3 Bb5+) without 3...Bd7} 9. Nc3 (9. Nbd2 Bc6 10. Nc4 b5 11. Nb6 Rb8 12. Nd5 exd5 13. exd5 Bb7 14. Rfe1+ Kd7 15. a4 Be7 16. axb5 axb5 {1-0 (29) Bok,B (2598)-Wojtaszek,R (2749) Doha 2016}) 9... Be7 10. Rad1 {LiveBook: 4 Games} (10. Bxf6 $5 gxf6 11. Nd2 $11) 10... h6 {[%cal Bh7h6,Bh6h5,Bh5h4,Bh4h3][%mdl 32] The position is equal.} 11. Bxf6 $1 gxf6 12. Rfe1 Rc8 13. Nd2 $146 {[%cal Bf3d2,Bd2f1,Bf1e3][%mdl 32]} ({Predecessor:} 13. Qe3 h5 14. Qf4 b5 15. a3 a5 16. Rd2 Rc4 17. Qg3 Kf8 {0-1 (39) Djingarova,E (2344)-Dzagnidze,N (2459) Dresden 2004}) 13... b5 14. Nf1 h5 15. Ne3 Rg8 16. a4 Bc6 (16... bxa4 $11 17. Ra1 a3 18. Rxa3 d5 19. Nexd5 exd5 20. exd5 Bh3) 17. axb5 $14 axb5 18. Ne2 h4 19. Qd3 Qb6 20. Nd4 Rg5 21. Nxc6 Qxc6 22. c3 h3 23. g3 f5 24. Nc2 fxe4 25. Qxe4 Qxe4 26. Rxe4 Rc4 27. Re2 d5 28. Kf1 Kd7 (28... Rg8 $11) 29. Ra1 (29. Nd4 $14) 29... Ra4 30. Ree1 Rg8 31. Ke2 Bc5 32. b3 Re4+ 33. Kf1 Rxe1+ 34. Nxe1 $11 {[%mdl 4096] Endgame KRB-KRN} Rc8 35. Nd3 {[#]} ({White should play} 35. Ke2 $15) 35... Bd6 $1 $17 36. Rc1 e5 37. f3 f5 38. Ke2 (38. Nf2 $17 {was called for.}) 38... Ra8 $19 39. Rc2 Ra1 {aiming for ...Rh1.} 40. c4 $2 {[#]} (40. Nf2) 40... Rh1 {Precision: White = 31%, Black = 53%.} 0-1

[Event "XVII MetLife Najdorf Open 2017"]
[Site "Warsaw"]
[Date "2017.07.10"]
[Round "2.13"]
[White "Kaczmarek, Aleksander"]
[Black "Sadzikowski, Daniel"]
[Result "0-1"]
[WhiteElo "2380"]
[BlackElo "2563"]
[Annotator "TA"]
[PlyCount "116"]
[EventDate "2017.??.??"]
[EventType "swiss"]
[EventCountry "POL"]
[SourceTitle "playchess.com"]
[Source "ChessBase"]
[SourceQuality "1"]

{[%evp 9,116,-29,-23,-20,-31,-28,-30,-48,-57,-85,-44,-143,-108,-105,-74,-81,-75,-76,-69,-168,-104,-121,-72,-129,-118,-172,-164,-171,-158,-162,-163,-262,-176,-192,-188,-170,-180,-208,-200,-212,-177,-166,-172,-175,-181,-222,-185,-185,-185,-193,-192,-192,-178,-202,-217,-275,-276,-275,-268,-356,-317,-385,-375,-391,-379,-379,-352,-375,-381,-433,-394,-604,-573,-654,-594,-513,-465,-585,-529,-741,-566,-696,-739,-687,-709,-717,-724,-822,-691,-1737,-1958,-2489,-2780,-2740,-2169,-29975,-29976,-29982,-29983,-29985,-29982,-29985,0,-29985,-29986,-29986,-29987,-29989,-625]} 1. e4 c5 2. b3 g6 3. Bb2 Nf6 {[%cal Bg8f6,Bf6d5,Bd5b4][%mdl 32]} 4. e5 Nd5 5. Qf3 Nb4 {LiveBook: 8 Games} 6. Bc4 {[%csl Gf3][%cal Rc4f7] B20: Sicilian: Unusual White 2nd moves} e6 7. Na3 N8c6 $146 ({Predecessor:} 7... Bg7 8. Nb5 O-O 9. O-O-O Nxa2+ 10. Kb1 {0-1 (26) Kabanov,N (2520)-Navara,D (2722) Khanty-Mansiysk 2011}) 8. Qe3 {Black has an edge.} Nd4 9. O-O-O b5 10. Bd3 ({White should try} 10. Bxb5 $15 Rb8 11. Bc4) 10... Nxd3+ 11. Qxd3 a6 12. Nf3 Nxf3 13. Qxf3 Rb8 14. d4 {[#]} (14. Qf6 $15 Qxf6 15. exf6) 14... Qg5+ ({Black should play} 14... c4 $1 $19 {[%mdl 512]} 15. Nb1 (15. bxc4 Bh6+) 15... Bb7) 15. Kb1 cxd4 16. Rxd4 (16. h4 $142 Qd8 17. Rxd4) 16... Bb7 $17 17. Qd3 (17. Rg4 $17 {was worth a try.} Bxf3 18. Rxg5) 17... Bc5 $36 {[%mdl 2048] Black is on the roll.} ({And not} 17... Bxg2 18. Rg1 $16) 18. Rxd7 Qxg2 ({Weaker is} 18... Bxg2 19. Rg1 $14) 19. Rd1 {Intending Rd8+ and mate.} O-O 20. f4 (20. Qg3 $142) 20... Bc6 21. Qd2 Qxd2 22. R7xd2 Bf3 23. Rf1 Rfd8 24. Rd6 Rxd6 25. exd6 Bg4 26. c4 Bf5+ 27. Nc2 bxc4 28. Rd1 cxb3 29. axb3 {[#]} Rd8 $1 30. d7 {[#]} e5 $1 {[%cal Re5f4][%mdl 512]} 31. Rd5 (31. Bxe5 Rxd7) 31... Be7 32. fxe5 Rxd7 33. Rxd7 Bxd7 {[%mdl 4096] Endgame KBB-KBN} 34. Nd4 g5 35. Kc2 h5 {[%cal Bh7h5,Bh5h4][%mdl 32]} 36. Kd3 Kh7 37. Ke4 Kg6 38. Bc3 h4 39. b4 Bc8 40. b5 (40. Be1 $142) 40... axb5 41. Nxb5 Bb7+ 42. Ke3 g4 43. Kf2 Bg5 {Strongly threatening ...Bf4.} 44. Nd6 Ba8 45. Bd4 Bf4 46. Kg1 h3 {Hoping for ...g3.} 47. Bf2 Bxe5 48. Nc4 Bc3 49. Ne3 f5 {[%cal Bf7f5,Bf5f4,Bf4g3,Bg3f2][%mdl 32]} 50. Nd1 Be5 51. Ne3 Bb8 52. Nf1 f4 53. Bb6 g3 54. Bc5 Kh5 55. Bb6 Kg6 56. Bc5 $1 Bg2 {Black mates.} 57. hxg3 fxg3 58. Bf2 gxf2+ {Precision: White = 29%, Black = 79%.} 0-1

[Event "XVII MetLife Najdorf Open 2017"]
[Site "Warsaw"]
[Date "2017.07.10"]
[Round "2.14"]
[White "Dziuba, Marcin"]
[Black "Raja Harshit"]
[Result "1-0"]
[WhiteElo "2561"]
[BlackElo "2377"]
[Annotator "TA"]
[PlyCount "63"]
[EventDate "2017.??.??"]
[EventType "swiss"]
[EventCountry "POL"]
[SourceTitle "playchess.com"]
[Source "ChessBase"]
[SourceQuality "1"]

{[%evp 22,63,22,18,14,17,12,20,44,46,121,102,132,148,131,74,115,56,36,52,101,112,397,387,368,337,326,191,350,202,433,429,762,793,790,784,764,755,29968,10543,29988,29989,29993,2895]} 1. d4 d5 2. c4 c6 3. Nf3 Nf6 4. e3 e6 5. Bd3 Nbd7 6. b3 Bd6 7. Bb2 O-O {A06: Réti Opening:1 Nf3 d5} 8. O-O b6 9. Nbd2 Bb7 10. Ne5 (10. Qe2 c5 11. Rad1 Ne4 12. cxd5 exd5 13. Ba6 Bxa6 14. Qxa6 Re8 15. dxc5 Ndxc5 16. Qe2 Rc8 17. Rc1 Bf8 18. Rfd1 Qe7 {½-½ (45) Radjabov,T (2710)-Ding,L (2773) Moscow 2017}) 10... c5 11. cxd5 exd5 12. Nxd7 {LiveBook: 6 Games} Nxd7 (12... Qxd7 $6 13. dxc5 Be7 14. b4 $16 (14. Bxf6 Bxf6 15. Rc1 Rac8 $14)) 13. dxc5 bxc5 14. Qc2 $146 Qh4 {[%csl Gd6][%cal Rh4h2]} 15. f4 Rfe8 (15... h6 $14) 16. Rf3 $1 $40 {[%cal Rf3h3][%mdl 128] White goes for the king.} c4 {[#]} 17. Bf5 $1 (17. bxc4 $6 Bc5 $14) 17... Rxe3 {Strongly threatening ...Re2.} ({Wrong is} 17... Nf6 $2 18. Rh3 $18) 18. Rxe3 (18. Bxd7 $142 Re2 19. Qd1) 18... Bc5 {[#]} 19. Nf1 ({And not} 19. Bxd7 Bxe3+ 20. Kh1 Qf2 $17) (19. Kh1 $1 $16 Bxe3 20. Nf1 (20. Bxd7 Qf2 $17)) 19... d4 $1 $14 {[%cal Rd4e3]} 20. b4 Bb6 $1 21. Rh3 Qxf4 $2 {[%mdl 8192]} (21... d3+ $16 22. Kh1 Qxh3 23. Bxh3 dxc2) 22. Bxh7+ $18 Kf8 23. Qf5 Qd6 24. Kh1 (24. a4 $142) 24... Nf6 $2 (24... g6 25. Qg5 Qf6 26. Qh6+ Qg7) 25. Re1 (25. Qg5 $142 Re8 26. Bc2) 25... Rd8 $2 (25... Re8 26. Rxe8+ Kxe8 27. Qb5+ Qc6 28. Qe5+ Qe6 29. Qb8+ (29. Bxd4 Bxd4 30. Qxe6+ fxe6 $14) 29... Qc8) 26. Qg5 Qd5 (26... Re8 $142 27. Rxe8+ Kxe8) 27. Bf5 Ng8 28. Ba3 g6 29. Rh7 {Threatens to win with b5+.} Rd6 {[#]} 30. b5 $1 {White wants to mate with Re4.} Bc5 (30... Qxb5 31. Bxd6+) 31. Bxc5 Qxc5 32. Bxg6 (32. Bd7 $142 Rxd7 33. Qxc5+ Re7 34. Qd6 Bxg2+ 35. Kxg2 Ke8 36. Rxe7+ Nxe7 37. Rh8+ Ng8 38. Rxg8#) 1-0

[Event "XVII MetLife Najdorf Open 2017"]
[Site "Warsaw"]
[Date "2017.07.10"]
[Round "2.15"]
[White "Kosakowski, Jakub"]
[Black "Czarnota, Pawel"]
[Result "1/2-1/2"]
[WhiteElo "2366"]
[BlackElo "2557"]
[Annotator "TA"]
[PlyCount "48"]
[EventDate "2017.??.??"]
[EventType "swiss"]
[EventCountry "POL"]
[SourceTitle "playchess.com"]
[Source "ChessBase"]
[SourceQuality "1"]

{[%evp 36,48,32,23,19,19,24,20,31,16,24,18,22,0,13]} 1. e4 c6 2. d4 d5 3. Nc3 dxe4 4. Nxe4 Bf5 5. Ng3 Bg6 6. h4 h6 7. Nf3 Nd7 8. h5 Bh7 9. Bd3 Bxd3 10. Qxd3 e6 11. Bd2 Ngf6 12. O-O-O Be7 13. Kb1 O-O 14. Ne4 Nxe4 {B19: Classical Caro-Kann: 4...Bf5 main line} 15. Qxe4 Nf6 16. Qe2 Qd5 17. Ne5 Qe4 18. Qxe4 Nxe4 19. Be1 {LiveBook: 49 Games} (19. Be3 Rfd8 20. g4 c5 21. f3 cxd4 22. Bxd4 {½-½ (30) Lenic,L (2640)-Ragger,M (2700) Austria 2017}) 19... Rfd8 20. f3 Nf6 21. Bf2 a5 22. g4 a4 23. a3 {[#]} Nd7 $146 ({Predecessor:} 23... Rac8 24. c4 Nd7 25. Rhe1 Bg5 26. Nd3 Nb6 27. Ne5 Nd7 28. Nd3 Nb6 {½-½ (27) Bacallao Alonso,Y (2550)-Peralta,F (2591) Catalunya 2012}) 24. c4 Bd6 1/2-1/2